000
00320nam a22001337a 4500
008
250411b |||||||| |||| 00| 0 eng d
020
_a
0044453566
050
_a
HD6331
_b
.T73
100
_a
WOOD Stephen
245
_a
The Transformation of Work
260
_a
USA.
_b
Unwin Hyman
_c
1989
300
_a
xvi, 365p.
942
_c
BK
999
_c
2953
_d
2953